000 00554nam a2200181 b 4500
001 25731
003 ES-SlBC
005 20210327223948.0
008 040416s1972 fra e 000 0 fre d
040 _aUPCO
_dES-SlBC
110 _aIglesia Católica
_91889
240 _a[Missale festivum]
245 0 0 _aNouveau missel des dimanches 1974
_b : année liturgique du 2 decembre 1973 au 30 novembre 1974, année C
260 _aParis :
_bLiturgique collective
_c, 1973
300 _a477 p. ;
_c17 cm
650 _aDevocionarios
_987686
942 _2lcc
_cBK
999 _c447195
_d447195